00399pab a2200133 454500008004000000100002300040245005600063260000900119300001300128362000800141650002600149700002300175773006700198180718b2011 xxu||||| |||| 00| 0 eng d aTaylor, Marylee C. aRace, religion, and beliefs about racial inequality c2011 ap.60-77. aMar aRacial discrimination aMerino, Stephen M. aAnnals of the American Academy of Political and Social Science